000 00415nam a22001697a 4500
003 MPLRDC
005 20220104125142.0
008 210129b ||||| |||| 00| 0 eng d
082 _a857.9 DGH-17 v.1 c.2*
100 _a独孤红著
245 _a豪门游龙. 上
_c
260 _a
_b毅力出版社
_c
300 _b
490 _a独孤红小说专辑;18
650 _a
942 _cBK
_o857.9 DGH-17 v.1 c.2*
999 _c25077
_d25067